01178 2200349 4500001002100000005001500021035002000036007000300056008004100059020002200100040002200122082001200144084001400156090002200170100003700192245015500229250003100384300004500415650002800460700004900488700004200537700003100579850001200610504003400622264003200656336002100688337003000709338002300739999002200762990002200784990002200806INLIS00000000089068920240919092301 a0010-0924000339ta240919s2024 yoia g ind d a978-623-02-8836-4 aYOPDYOGbinderda04223a711 a711 MOH p aCB-D.11 2024-31640 aMohamad Ahlis Djirimuepengarang10aPerforma kota 20 tahun pembangunan /cMohamad Ahlis Djirimu, Wildani Pingkan Suripurna Hamzens, Andi Darmawati Tombolotutu; penyunting, Lala Nilawanti aCetakan pertama, Juli 2024 axx, 276 halaman :bgambar,tabel ;c23 cm 4aPengembanhgan perkotaan0 aWildani Pingkan Suripurna Hamzensepengarang aAndi Darmawati Tombolotutuepengarang0 aLala Nilawantiepenyunting aYOPDYOG aBibliografi : halaman 269-27331aSleman :bDeepublish,c2024 2rdacontentateks 2rdamediaatanpa perantara 2rdacarrieravolume aCB-D.11/2024-3164 aCB-D.11/2024-3164 aCB-D.11/2024-3164